Kluby Serbskiej Super Liga 25/26 - Statystyki

Ogólne statystyki
  • Ten quiz został rozwiązany 7 razy
  • Średni wynik to 6 z 16
Statystyki odpowiedzi
Klub % Poprawnych
Crvena Zvezda
100%
Partizan
86%
Novi Pazar
71%
Radnicki Nis
71%
Radnik
71%
TSC
71%
Cukaricki
43%
Vojvodina
43%
Subotica
29%
Radnicki 1923
14%
Javor
0%
Mladost
0%
Napredak
0%
Novi Beograd
0%
OFK Beograd
0%
Zeleznicar Pancevo
0%
Nie znaleziono quizów pasujących do podanych kryteriów
Rozkład punktacji
Procent ludzi z każdym wynikiem
Percentyl według liczby udzielonych odpowiedzi
Twoja historia wyników
Nie rozwiązałeś tego quizu